| 000 | 00490nam a2200193 a 4500 | ||
|---|---|---|---|
| 001 | 1378 | ||
| 003 | CDMR | ||
| 005 | 20130422182021.0 | ||
| 008 | 130130s1999||||sp |||||||||||||||||spa|d | ||
| 020 | _a8482112368 | ||
| 040 |
_aCDMR _bcat _cCDMR |
||
| 100 | 1 |
_93236 _aCaño, Juan |
|
| 245 | 1 | 0 |
_aRevistas _b: una historia de amor y un decálogo _cJuan Caño |
| 260 |
_aMadrid _bEresma & Celeste _cDL 1999 |
||
| 300 | _a147 p. | ||
| 490 | 0 |
_aE&C _v6 |
|
| 650 | 0 | 4 |
_93237 _aRevistes |
| 942 |
_cMON _2ddc |
||
| 999 |
_c1378 _d1378 |
||